000 00664nam a2200205Ia 4500
008 191130s2000##################000#0#eng##
020 _a9780691057163
022 _a32659
040 _aACL
_cACL
082 _a780.14 MON
100 _aMonelle, Raymond
245 _aThe sense of music : semiotic essays
_cRaymond Monelle ; with a foreword by Robert Hatten
260 _aPrinceton, NJ
_bPrinceton University Press
_cc2000
300 _axvi, 248 p. : ill. ; 25 cm
500 _aIncludes bibliographical references (p. [233]-242) and index
650 _aMusic - Semiotics
990 _aa5feb05eac10000c0d7fef2832a8a199
991 _a340772
999 _c69596
_d69596